000 00975nam a22002892 4500
001 32220
003 BD-RjUL
005 20211209051814.0
008 140424r19571946enk 0|0 eng d
035 _a(BD-RjUL)32309
040 _aBJO
_cBJO
_dWBU
_dSER
_dBD-RjUL
_dBD-RjUL
_beng
041 _aeng
082 _a191
_bSCH 1957
090 _aB851
_b.S4
100 1 _aSchneider, Herbert W.
_q(Herbert Wallace),
_d1892-1984.
_998054
245 1 2 _aA history of American philosophy /
_cHerbert W. Schneider.
260 _aNew York :
_bColumbia University Press,
_c1946 [Printed 1957]
300 _axii, 368 p. ;
_c24 cm.
490 1 _aColumbia studies in American culture,
_v18.
500 _a"Guide to the literature" at end of each part.
650 0 _aPhilosophy, American
_xHistory.
_995574
651 0 _aUnited States
_xCivilization.
_998055
830 0 _v18.
_9113828
830 0 _aColumbia studies in American culture,
_9113829
942 _2ddc
_cBK
999 _c32220
_d32220